Statystyki dla Skoczkowie, którzy wygrali min.10 razy w pucharze świata

Kliknij tutaj aby rozwiązać quiz!

Ogólne statystyki

  • Ten quiz został rozwiązany 74 razy
  • Średni wynik to 19 z 32

Statystyki odpowiedzi

Ilość zwycięstwSkoczek/zawodnik% Poprawnych
39Adam Małysz
100%
39Kamil Stoch
100%
10Dawid Kubacki
98%
53Gregor Schlierenzauer
90%
23Peter Prevc
90%
27Stefan Kraft
90%
36Janne Ahonen
88%
29Ryoyu Kobayashi
86%
23Thomas Morgenstern
84%
23Halvor Egner Granerud
81%
17Noriaki Kasai
81%
23Simon Ammann
76%
46Matti Nykanen
74%
22Severin Freund
71%
28Martin Schmitt
67%
12Andreas Kofler
66%
20Andreas Goldberger
62%
18Sven Hannawald
62%
13Karl Geiger
55%
33Jens Weissflog
52%
15Kazuyoshi Funaki
50%
15Primoz Peterka
48%
10Anders Jacobsen
40%
16Matti Hautamaeki
40%
25Andreas Felder
29%
18Andreas Widhoelzl
29%
11Roar Ljokelsoy
29%
15Ernst Vettori
24%
13Armin Kogler
19%
12Dieter Thoma
17%
13Horst Bulau
10%
10Pavel Ploc
9%

Rozkład punktacji

Percentyl według liczby udzielonych odpowiedzi

Procent ludzi z każdym wynikiem

Twoja historia wyników

Nie rozwiązałeś tego quizu